1000th Quiz Stats

 Plays Quiz Updated Oct 1, 2018

Score 0/35 Timer 07:00
2 Plays Today
Hint Answer % Correct
The child of one's son or daughterGrandchild
91.5%
Approximately 0.621 of a mileKilometer
87.6%
A picture is worth....A Thousand Words
87.2%
Musical instrument with ivory keysGrand Piano
86%
Salad dressing made with mayonnaise, ketchup, and finely chopped vegetablesThousand Island Dressing
85.4%
Celebration when a new store starts businessGrand Opening
80%
A home run in baseball when the bases are loadedGrand Slam
79.4%
Train station in New York at 42nd and Park AvenueGrand Central Terminal
77%
Steep sided gorge formed by the Colorado RiverGrand Canyon
75.9%
Large and normally permanent structure for seating spectators, most often at a racetrackGrandstand
70.8%
Base unit of mass in International System of UnitsKilogram
65.7%
River that borders Texas and MexicoRio Grande
65.4%
Unit of digital information storage equal to 8000 bitsKilobyte
61.5%
Power consumption of tools and machines usually are measured in these Kilowatt
60.8%
Video game created by RockstarGrand Theft Auto
60.6%
A climactic concluding portion of a performanceGrand Finale
57.6%
A group that inquires into accusations of crime and to evaluate the grounds for indictmentsGrand Jury
57.2%
Any of a series of races involving formula cars and leading to an overall championshipGrand Prix
54%
Hint Answer % Correct
2nd largest city in MichiganGrand Rapids
49%
Chocolate candy bar that has chocolate, caramel, and crisped rice100 Grand
47.4%
Oldest weekly country music radio programGrand Ole Opry
44.2%
2nd largest hotel in the world in Las VegasMGM Grand
43.7%
Vanessa Carlton song from 'Be Not Nobody'A Thousand Miles
34.2%
Liqueur made from a blend of true cognacs and distilled essence of bitter orangeGrand Marnier
33%
Measure of frequency commonly used by radio broadcastersKilohertz
30.9%
British Territory located in the Caribbean SeaGrand Cayman
29.5%
National park in the Rocky Mountains located in WyomingGrand Teton National Park
27.9%
Film based on a Jules Verne novel starring Kirk DouglasTwenty Thousand Leagues Under the Sea
26.7%
Rock band with the hit 'We're an American Band'Grand Funk Railroad
21.4%
Full-size rear-wheel drive sedan sold by MercuryGrand Marquis
16.8%
Second novel by Afghan author Khaled HosseiniA Thousand Splendid Suns
14.6%
Racing body started in 1999 to organize road races in North AmericaGrand-Am
12%
Collection of folk tales and other stories that later became Arabian NightsOne Thousand and One Nights
10.2%
Character in Gilbert & Sullivan's 'The Mikado'Grand Poobah
2%
Canadian rock band formed in 1997Thousand Foot Krutch
1.8%

You're not logged in!

Compare scores with friends on all Sporcle quizzes.
OR
Log In

Sporcle TV

Today on Sporcle TV


Watch our educational content, quiz creation guides, and fun videos on Sporcle TV.

Show Comments

Extras

Top Quizzes Today


Score Distribution

Your Account Isn't Verified!

In order to create a playlist on Sporcle, you need to verify the email address you used during registration. Go to your Sporcle Settings to finish the process.

Report this User

Report this user for behavior that violates our Community Guidelines.

Details: